• 首页
  • 本馆介绍
  • 公告通知
  • 最新文献
  • 馆藏检索
  • 电子资源
  • 读者导购
  • 参考咨询
  • 我的图书馆
  • 登录
  • 详细信息显示
  • 放入我的书架
  • 预约/预借图书
  • 作者相关作品
  • 分类相关作品
  • 丛书相关作品
  • 出版社相关作品

书目信息

  • 表格格式
  • 工作单格式
  • 卡片格式
题名:
典型原料产品分析
    
 
作者: 樊树红 主编
分册:  
出版信息: 北京   化学工业出版社  2015
页数: 97页
开本: 26cm
丛书名:
单 册:
中图分类: TQ042
科图分类:
主题词: 化学工业--Hua Xue Gong Ye--原料--高等职业教育--教材
电子资源:
ISBN: 978-7-122-21851-3
000 01341nam0 2200265 450
001 1648910735
005 20141001230126.0
010    @a978-7-122-21851-3@dCNY20.00
100    @a20141117d2015 em y0chiy0120 ea
101 0  @achi
102    @aCN@b110000
105    @aa a 000yy
106    @ar
200 1  @a典型原料产品分析@ADian Xing Yuan Liao Chan Pin Fen Xi@f樊树红主编
210    @a北京@c化学工业出版社@d2015
215    @a97页@c图@d26cm
300    @a高职高专”十二五“规划教材
320    @a有书目
330    @a本书选取六种具有典型分析特点的物料,包括工业硝酸成品(硝酸的性质、制法、硝酸含量的测定、结果处理)、肥料(磷肥、氮肥、钾肥的取样制样方法、成分测定方法和数据处理方法)、煤气(气体的取样方法、气体成分分析的有关仪器作用、煤气的分析方法及结果的处理方法)、煤质(有关煤的基础知识及煤的工业分析、分析结果处理方法)、钢铁(试样的制备方法、钢铁中碳、硫、磷、硅、锰及特种钢的分析方法)、水泥(三氧化二铁含量的测定方法和原理)等内容。
333    @a可作为高职高专院校工业分析、精细化工、石油化工、应用化工、有机化工等专业的教材,也可作为成人教育和职业培训的指导教材,对从事企业生产、分析操作人员和相关工程技术人员也具有一定的参考价值。
606 0  @a化学工业@AHua Xue Gong Ye@x原料@x高等职业教育@j教材
690    @aTQ042@v5
701  0 @a樊树红@AFan Shu Hong@4主编
801  0 @aCN@b江苏新华@c20150511
905    @aBZT@dTQ042@e1
    
    典型原料产品分析/樊树红主编.-北京:化学工业出版社,2015
    97页:图;26cm
    高职高专”十二五“规划教材.-使用对象:可作为高职高专院校工业分析、精细化工、石油化工、应用化工、有机化工等专业的教材,也可作为成人教育和职业培训的指导教材,对从事企业生产、分析操作人员和相关工程技术人员也具有一定的参考价值。
    
    ISBN 978-7-122-21851-3:CNY20.00
    本书选取六种具有典型分析特点的物料,包括工业硝酸成品(硝酸的性质、制法、硝酸含量的测定、结果处理)、肥料(磷肥、氮肥、钾肥的取样制样方法、成分测定方法和数据处理方法)、煤气(气体的取样方法、气体成分分析的有关仪器作用、煤气的分析方法及结果的处理方法)、煤质(有关煤的基础知识及煤的工业分析、分析结果处理方法)、钢铁(试样的制备方法、钢铁中碳、硫、磷、硅、锰及特种钢的分析方法)、水泥(三氧化二铁含量的测定方法和原理)等内容。
●
相关链接 在五车中查询图书 在当当中查询图书 在豆瓣中查询图书


正题名:典型原料产品分析     索取号:TQ042/1         预约/预借

序号 登录号 条形码 馆藏地/架位号 状态 备注
1 801503   2000801503   第二书库/ [索取号:TQ042/1] 在馆    
2 801504   2000801504   第二书库/ [索取号:TQ042/1] 在馆    
3 801505   2000801505   第二书库/ [索取号:TQ042/1] 已借出,限还日期为2026.01.01
借出人:门钰善  
 
山东省滨州职业学院图书馆 欢迎您!
大连网信软件有限公司© 版权所有